| 000 -LEADER |
| fixed length control field |
01594 a2200289 4500 |
| 003 - CONTROL NUMBER IDENTIFIER |
| control field |
NUST |
| 005 - DATE AND TIME OF LATEST TRANSACTION |
| control field |
20221230141606.0 |
| 010 ## - LIBRARY OF CONGRESS CONTROL NUMBER |
| LC control number |
2005531068 |
| 020 ## - INTERNATIONAL STANDARD BOOK NUMBER |
| International Standard Book Number |
0471268011 (alk. paper) |
| 040 ## - CATALOGING SOURCE |
| Transcribing agency |
Nust |
| 082 00 - DEWEY DECIMAL CLASSIFICATION NUMBER |
| Classification number |
621.38456,JAI |
| 100 1# - MAIN ENTRY--PERSONAL NAME |
| Personal name |
Jain, Ravi |
| 9 (RLIN) |
106488 |
| 245 10 - TITLE STATEMENT |
| Title |
Programming converged networks : |
| Remainder of title |
call control in Java, XML, and Parlay/OSA / |
| Statement of responsibility, etc. |
Ravi Jain, John-Luc Bakker, Farooq Anjum. |
| 260 ## - PUBLICATION, DISTRIBUTION, ETC. |
| Place of publication, distribution, etc. |
Hoboken, NJ : |
| Name of publisher, distributor, etc. |
Wiley-Interscience, |
| Date of publication, distribution, etc. |
c2005. |
| 300 ## - PHYSICAL DESCRIPTION |
| Extent |
xxii, 268 p. : |
| Other physical details |
ill. ; |
| Dimensions |
25 cm. |
| 505 ## - FORMATTED CONTENTS NOTE |
| Formatted contents note |
Introduction (Page-1), The Telephone Network, Converged Networks And Programmability (Page-11), Basic Concepts And Design Issues (Page-35), The Advanced Intelligent Network (Page-59), The Java Telephony API (Page-83), Jain Call Control (Page-107), The Parlay/OSA API (Page-151), Detailed API Design Issues (Page-207), XML Programmability (Page-219), Concluding Remarks And A Look At The Future (Page-235). |
| 650 #0 - SUBJECT ADDED ENTRY--TOPICAL TERM |
| Topical term or geographic name entry element |
Cellular telephone systems |
| General subdivision |
Data processing. |
| 9 (RLIN) |
106489 |
| 650 #0 - SUBJECT ADDED ENTRY--TOPICAL TERM |
| Topical term or geographic name entry element |
Convergence (Telecommunication) |
| 9 (RLIN) |
97097 |
| 650 #0 - SUBJECT ADDED ENTRY--TOPICAL TERM |
| Topical term or geographic name entry element |
Internet telephony. |
| 9 (RLIN) |
55798 |
| 650 #0 - SUBJECT ADDED ENTRY--TOPICAL TERM |
| Topical term or geographic name entry element |
Telephone systems |
| General subdivision |
Data processing. |
| 9 (RLIN) |
106490 |
| 700 1# - ADDED ENTRY--PERSONAL NAME |
| Personal name |
Anjum, Farooq. |
| 9 (RLIN) |
93002 |
| 700 1# - ADDED ENTRY--PERSONAL NAME |
| Personal name |
Bakker, John-Luc. |
| 9 (RLIN) |
106491 |
| 856 42 - ELECTRONIC LOCATION AND ACCESS |
| Materials specified |
Contributor biographical information |
| Uniform Resource Identifier |
<a href="http://www.loc.gov/catdir/enhancements/fy0628/2005531068-b.html">http://www.loc.gov/catdir/enhancements/fy0628/2005531068-b.html</a> |
| 856 42 - ELECTRONIC LOCATION AND ACCESS |
| Materials specified |
Publisher description |
| Uniform Resource Identifier |
<a href="http://www.loc.gov/catdir/enhancements/fy0628/2005531068-d.html">http://www.loc.gov/catdir/enhancements/fy0628/2005531068-d.html</a> |
| 856 42 - ELECTRONIC LOCATION AND ACCESS |
| Materials specified |
Table of contents only |
| Uniform Resource Identifier |
<a href="http://www.loc.gov/catdir/enhancements/fy0628/2005531068-t.html">http://www.loc.gov/catdir/enhancements/fy0628/2005531068-t.html</a> |
| 942 ## - ADDED ENTRY ELEMENTS (KOHA) |
| Source of classification or shelving scheme |
|
| Koha item type |
Book |
| Call number prefix |
621.38456,JAI |